000 00453nam a2200169Ia 4500
008 230917s9999||||xx |||||||||||||| ||und||
020 _cGBP39.99
040 _e256163
_aMAIN
041 _aEnglish
082 _a338.4791 D571T
100 _aDileep, M R
245 0 _aTourism, transport and travel management
260 _aOxon
_bRoutledge
_c2019
300 _axxi, 470 p.
500 _a3504 15/07/2019 RBP19/76583 30/08/2019 IHTM (SFS)
942 _cBK
999 _c31644
_d31644